| 000 | 00602nam a22001937a 4500 | ||
|---|---|---|---|
| 999 |
_c7609 _d7609 |
||
| 003 | Ost | ||
| 005 | 20191226141151.0 | ||
| 008 | 191226b ||||| |||| 00| 0 eng d | ||
| 020 | _a97807548084345 | ||
| 040 | _cBT-PhCST | ||
| 050 | _a4220 | ||
| 082 |
_222 _a507.8 _bOXL |
||
| 100 | _aOxlade, Chris. | ||
| 245 |
_a150 great science experiments : _bingenious, easy-to-do projects explore and explain the wonders of science and technology / |
||
| 260 |
_aLondon : _bLorenz Books, _cNA |
||
| 300 |
_a256 p. : _bill. (some col.). and photographs. ; _c30 cm. |
||
| 500 | _aIncludes index. | ||
| 942 |
_2ddc _cGEN |
||